000 00321nam a2200109Ia 4500
008 171211s9999 xx 000 0 und d
245 4 _aThe Everything Breastfeeding Book
245 _cRay Fredregill and Suzanne Fredregill
260 _c2010
650 _xHEALTH
856 _uhttp://down.ebook777.com/017/9781440502187.pdf
999 _c348376
_d348376